| 000 | 00761cam a22002291 4500 | ||
|---|---|---|---|
| 001 | af 47004810 | ||
| 003 | DLC | ||
| 005 | 20260227110828.0 | ||
| 008 | 850318s1945 fr abc 000 0 fre c | ||
| 010 | _aaf 47004810 | ||
| 035 | _a(OCoLC)11816831 | ||
| 040 |
_aNew York. Public Library _cFMU _dFMU _dDLC |
||
| 050 | 0 | 0 |
_aD762.A4 _bW6 |
| 100 | 1 | _aWoerly, Clément. | |
| 245 | 1 | 2 |
_aL'Alsace retrouvée. _cPréface du capitaine Jacques d'Alsace. |
| 260 |
_aParis, _bS.E.P.E. _c[1945] |
||
| 300 |
_a[64] p. _billus. (incl. ports., maps) _c24 cm. |
||
| 490 | 0 |
_a[Collection "Les Épopées françaises," _v2] |
|
| 650 | 0 |
_aWorld War, 1939-1945 _zFrance _zAlsace. |
|
| 650 | 0 |
_aWorld War, 1939-1945 _zFrance _zLorraine. |
|
| 650 | 0 |
_aWorld War, 1939-1945 _xPictorial works. |
|
| 999 |
_c2805 _d2805 |
||